000 01121cam a2200337 a 4500
001 2501
005 20250820105023.0
020 _a9780545496629
040 _aDLC
_cDLC
_dIG#
_dBTCTA
_dJRS
_dORX
_dYDXCP
_dXY4
_dDLC
_beng
050 0 0 _aPZ7.M512765
_b 2011
082 0 0 _a863
100 1 _aMedina, Meg
245 1 0 _aTìa Isa wants a car /
_cMeg Medina ; illustrated by Claudio Muñoz
260 _aNew York :
_bScholastic,
_c2011
300 _a28 unnumbered pages :
_bcolor illustrations ;
_c28 cm
505 _aM
520 _aTia Isa and her niece try to save enough money to buy a car to take the whole family to the beach.
521 _a530
_bLexile
521 _aM
_bRaz-Plus
650 1 _aAutomobiles
_vFiction.
650 1 _aAunts
_vFiction.
650 1 _aPersonal finance
_vFiction.
650 1 _aBeaches
_vFiction.
650 1 _aParent-separated girls
_vFiction.
650 1 _aMoney
_vFiction.
650 1 _aFamilies
_vFiction.
650 1 _aHispanic Americans
_vFiction.
700 1 _aMuñoz, Claudio,
_eillustrator
906 _a7
_bcbc
_corignew
_d1
_eecip
_f20
_gy-gencatlg
942 _2ddc
_cBK
_n0
999 _c2501
_d2501